000 00458nam a22001697a 4500
005 20260310093838.0
008 260310b |||||||| |||| 00| 0 eng d
020 _a978-93-5090-194-6
100 _aMISHRA, DEEPAK
245 _aPSM AND BIOSTATISTICS
250 _a8TH ED.
260 _aNEW DELHI
_bJAYPEE BROTHERS MEDICAL PUBLISHERS
_c2012
300 _aXVIII, 626P.
650 _a1. PREVENTIVE MEDICINE
700 _aMISHRA, RITUSHA
942 _2lcc
_cBK
999 _c216819
_d216819